El quijote

Uloženo v:
Podrobná bibliografie
Hlavní autor: Cervantes y Saavedra, Miguel de (Autor)
Médium: Kniha
Jazyk:španělština
Vydáno: Santiago Ediciones Universidad Católica 2017
Vydání:1a. ed
Edice:Lecturas Escogidas
Témata:
Tagy: Přidat tag
Žádné tagy, Buďte první, kdo vytvoří štítek k tomuto záznamu!

MARC

LEADER 00000cam a2200000 a 4500
001 UCC1594
003 CL-VaPUC
008 171111e20170400cl |||||||||||||||||spa|d
020 |a 9789561420472 
082 0 4 |a 863  |b CER  |2 21 
100 |a Cervantes y Saavedra, Miguel de  |e author  |9 267947 
245 1 3 |a El quijote 
250 |a 1a. ed 
300 |a 574 p 
942 |c BK 
945 |d 20171111 23:21:00  |a arojas 
260 |a Santiago  |b Ediciones Universidad Católica  |c 2017 
650 0 |a Novelas españolas  |9 265052 
650 0 |a Literatura española  |9 306261 
650 0 |a Narrativa  |9 336727 
650 0 |a Ficción   |9 376687 
583 |a last modification  |c 20171111 23:21:00  |k Rodrigo Vera 
490 0 |a Lecturas Escogidas 
999 |c 370010  |d 370008 
952 |0 0  |1 0  |3 erb  |4 0  |6 863_000000000000000_CER_2017  |7 0  |8 A  |9 486257  |a BIBART  |b BIBART  |i 5434297  |o 863 CER 2017  |p 5434297  |r 2025-03-13  |w 2019-11-24  |y BK  |z Catalogado en:20171111  |k ART